[Event "EU-ch U10 rapid"]
[Site "Terme Catez"]
[Date "2023.09.29"]
[Round "7"]
[White "Beniosev, Daniel"]
[Black "Gazic, Petar"]
[Result "1-0"]
[WhiteElo "1753"]
[BlackElo "1735"]
[PlyCount "59"]
[EventDate "2023.09.28"]
[EventType "swiss (rapid)"]
[EventRounds "9"]
[EventCountry "SLO"]
[SourceTitle "EXT 2024"]
[Source "ChessBase"]
[SourceDate "2023.10.10"]
[SourceVersion "1"]
[SourceVersionDate "2023.10.10"]
[SourceQuality "1"]

1. e4 e5 2. Nf3 Nc6 3. d4 exd4 4. Bc4 Nf6 5. e5 d5 6. Bb5 Ne4 7. Nxd4 Bd7 8. Bxc6 bxc6 9. 0-0 Bc5 10. Be3 0-0 11. f3 Ng5 12. f4 Ne4 13. Nd2 Nxd2 14. Qxd2 Bb6 15. Nb3 Bxe3+ 16. Qxe3 Qe7 17. Rae1 Rfd8 18. f5 Bc8 19. Qc3 Bb7 20. Na5 Rab8 21. f6 Qe6 22. Qg3 g6 23. Qf4 Qe8 24. e6 Rd6 25. exf7+ Qxf7 26. Re7 Qf8 27. f7+ Kg7 28. Qe5+ Kh6 29. Re8 Rxe8 30. fxe8Q 1-0

[Event "EU-ch U10 rapid"]
[Site "Terme Catez"]
[Date "2023.09.29"]
[Round "8"]
[White "Gazic, Petar"]
[Black "Pasula, Milos"]
[Result "0-1"]
[WhiteElo "1735"]
[BlackElo "1874"]
[PlyCount "120"]
[EventDate "2023.09.28"]
[EventType "swiss (rapid)"]
[EventRounds "9"]
[EventCountry "SLO"]
[SourceTitle "EXT 2024"]
[Source "ChessBase"]
[SourceDate "2023.10.10"]
[SourceVersion "1"]
[SourceVersionDate "2023.10.10"]
[SourceQuality "1"]

1. e4 c6 2. d4 d5 3. Nc3 dxe4 4. Nxe4 Bf5 5. Ng3 Bg6 6. h4 h6 7. Nf3 Nd7 8. h5 Bh7 9. Bd3 Bxd3 10. Qxd3 e6 11. Be3 Ngf6 12. 0-0-0 Be7 13. Ne2 0-0 14. Rdg1 Ng4 15. Ng3 c5 16. Ne4 cxd4 17. Qxd4 Bf6 18. Nxf6+ Ndxf6 19. Rh4 Nxe3 20. Qxe3 Qa5 21. a3 Nh7 22. Nd2 Rac8 23. Nc4 Qc5 24. Rd1 b5 25. Qxc5 Rxc5 26. Ne3 Nf6 27. c3 Rxh5 28. Rxh5 Nxh5 29. Rd7 Ra8 30. Nc2 Nf4 31. g3 Nd5 32. Nd4 a6 33. Nc6 h5 34. Ne5 f6 35. Nf3 Rc8 36. Rd6 Nc7 37. Nd4 Re8 38. Rc6 Re7 39. Rd6 e5 40. Nc6 Re6 41. Rd8+ Kh7 42. Nb4 a5 43. Nd3 Rc6 44. Rc8 g5 45. Ne1 h4 46. gxh4 gxh4 47. Nf3 h3 48. Kd2 Rd6+ 49. Ke2 Ne6 50. Ra8 Nf4+ 51. Ke3 Rd3+ 52. Ke4 Rxf3 53. Ra7+ Kg6 54. Kxf3 h2 55. Rxa5 h1Q+ 56. Ke3 Qe1+ 57. Kf3 Qe2+ 58. Kg3 Kg5 59. Ra8 Qg4+ 60. Kh2 Qg2# 0-1